书目信息 |
| 题名: |
机遇与挑战
|
|
| 作者: | 范文亭 著 | |
| 分册: | ||
| 出版信息: | 北京 新华出版社 2019.12 |
|
| 页数: | 128页 | |
| 开本: | 24cm | |
| 丛书名: | ||
| 单 册: | ||
| 中图分类: | H773.9 | |
| 科图分类: | ||
| 主题词: | 葡萄牙语--pu tao ya yu--教学研究--高等学校 | |
| 电子资源: | ||
| ISBN: | 978-7-5166-4899-5 | |
| 000 | 01596nam0 2200277 450 | |
| 001 | CAL 0120192931157 | |
| 005 | 20230217093111.0 | |
| 010 | @a978-7-5166-4899-5@dCNY42.00 | |
| 100 | @a20200103d2019 em y0chiy0120 ea | |
| 101 | 0 | @achi@apor |
| 102 | @aCN@b110000 | |
| 105 | @aa z 000yy | |
| 106 | @ar | |
| 200 | 1 | @a机遇与挑战@Aji yu yu tiao zhan@e针对中国学生葡萄牙语习得之教学方法及发展探索@d= Desafios e oportunidades@emétodos de ensino e desenvolvimento da aquisicao da lingua portuguesa pelos alunos Chinese@f范文亭著@zpor |
| 210 | @a北京@c新华出版社@d2019.12 | |
| 215 | @a128页@c图@d24cm | |
| 300 | @a2017年度辽宁省高等学校基本科研青年项目 (2017YJT26) 成果 2019年度大连外国语大学学科建设专项经费资助项目 | |
| 314 | @a范文亭, 毕业于天津外国语大学和葡萄牙米尼奥大学, 先后获得学士和硕士学位, 主修葡萄牙语言与中葡跨文化研究。 | |
| 330 | @a本书以西方外语教学法的知识为理论依据, 研习外语教学法历史以及变化发展趋势, 根据西方外语教学法对我们的启示及分析中国学生学习外语的心里特点, 探讨如今大学本科葡语教学在听说读写语法等方面如何授课, 试图找出一套针对葡语作为外语学习的相对系统的适合中国学生的教学方法。 | |
| 510 | 1 | @aDesafios e oportunidades@emétodos de ensino e desenvolvimento da aquisicao da lingua portuguesa pelos alunos Chinese@zpor |
| 517 | 1 | @a针对中国学生葡萄牙语习得之教学方法及发展探索@Azhen dui zhong guo xue sheng pu tao ya yu xi de zhi jiao xue fang fa ji fa zhan tan suo |
| 606 | 0 | @a葡萄牙语@Apu tao ya yu@x教学研究@x高等学校 |
| 690 | @aH773.9@v5 | |
| 701 | 0 | @a范文亭@Afan wen ting@4著 |
| 801 | 0 | @aCN@bBJXHZP@c20230228 |
| 905 | @b1397856-9@dH773.9@e23@f4 | |
| 机遇与挑战:针对中国学生葡萄牙语习得之教学方法及发展探索= Desafios e oportunidades:métodos de ensino e desenvolvimento da aquisicao da lingua portuguesa pelos alunos Chinese/范文亭著.-北京:新华出版社,2019.12 |
| 128页:图;24cm |
| 2017年度辽宁省高等学校基本科研青年项目 (2017YJT26) 成果 2019年度大连外国语大学学科建设专项经费资助项目 |
| ISBN 978-7-5166-4899-5:CNY42.00 |
| 本书以西方外语教学法的知识为理论依据, 研习外语教学法历史以及变化发展趋势, 根据西方外语教学法对我们的启示及分析中国学生学习外语的心里特点, 探讨如今大学本科葡语教学在听说读写语法等方面如何授课, 试图找出一套针对葡语作为外语学习的相对系统的适合中国学生的教学方法。 |
| ● |
| 相关链接 |
|
|
|
|
正题名:机遇与挑战
索取号:H773.9/23
 
预约/预借
| 序号 | 登录号 | 条形码 | 馆藏地/架位号 | 状态 | 备注 |
| 1 | 1397856 | 213978560 | 第二样本阅览室/ [索取号:H773.9/23] | 在馆 | |
| 2 | 1397857 | 213978579 | 第四借阅区/ [索取号:H773.9/23] | 在馆 | |
| 3 | 1397858 | 213978588 | 第四借阅区/ [索取号:H773.9/23] | 在馆 | |
| 4 | 1397859 | 213978597 | 第四借阅区/ [索取号:H773.9/23] | 在馆 |